Stacje i przystanki na linii PKM5 - Statystyki

Ogólne statystyki
  • Ten quiz został rozwiązany 11 razy
  • Średni wynik to 13 z 15
Statystyki odpowiedzi
Przystanek % Poprawnych
stacja Oborniki Wielkopolskie
100%
p.o. Oborniki Wielkopolskie Miasto
100%
stacja Poznań Główny
100%
p.o. Poznań Podolany
100%
stacja Złotniki
100%
p.o. Chludowo
88%
p.o. Poznań Strzeszyn
88%
stacja Rogoźno Wielkopolskie
88%
p.o. Złotniki Grzybowe
88%
p.o. Golęczewo
75%
p.o. Parkowo
75%
p.o. Rożnowo
75%
p.o. Złotkowo
75%
p.o. Bogdanowo
63%
stacja Wargowo
63%
Nie znaleziono quizów pasujących do podanych kryteriów
Rozkład punktacji
Procent ludzi z każdym wynikiem
Percentyl według liczby udzielonych odpowiedzi
Twoja historia wyników
Nie rozwiązałeś tego quizu